01012 2200409 4500001002100000005001700021008004100038020001800079035002400097082002200121090002900143100001200172245005900184250001000243260003100253300002400284650002000308850001500328980001300343985000600356999001500362990001500377990001500392990001500407990001500422990001500437990001500452990001500467990001500482990001500497990001500512990001500527990001500542990001500557990001500572990001500587YOGYA-0209000006055820090227035815.0 ind  a979-413-591-7 0010-020900000060558 a726.143 095 982 2 a726.143 095 982 2bSuk S aSUKMONO aSatu abad usaha penyelamatan Candi BorobudurcSoekmono aCet.8 aYogyakartabKanisiusc1991 a60 hlmbilusc19 cm aCandi Borobudur aYOPDYOG(B) a14-08-08 a1 a96P0088833 a88832-P/96 a88831-P/96 a88833-P/96 a88832-P/96 a88831-P/96 a88833-P/96 a88831-P/96 a88832-P/96 a88833-P/96 a88833-P/96 a88831-P/96 a88832-P/96 a88831-P/96 a88832-P/96 a88833-P/96